00315nam a2200109Ia 4500082002000000100001600020245005600036260003200092300001000124500002600134650004500160 aRR 327.03 GUP-E aGupta, M.G; 0aEncyclopaedia of contemporary international affairs aAgrabY.K. Publishersc1987 a454p. aContents: Vol.2.(J-Z) aInternational relations - Encyclopaedias